000 00255nam a2200109Ia 4500
008 200302s9999 xx 000 0 und d
100 _aLloyd Kahn
245 _aHome work Handbuilt shelter
260 _bShelter Publications
260 _c2004
300 _a245
999 _c7293
_d7293